000 01220nam0a22003251 4500
001 v19\rc\1901862
005 20251118180520.3
035 _a(NLR Aleph) 004991942
090 _a6295374
_c6295374
100 _a20080404d1911 |||y0rusy50 ca
101 0 _arus
102 _aRU
105 _ab z |||||
200 1 _aЛюдовик IX, король подвижник
_e3 чтения
_fПод ред. [и с предисл.] проф. Вл.Ив. Герье
205 _a2-е изд.
210 _aМосква
_cИст. о-во при Имп. Моск. ун-те
_d1911
215 _a63 с.
_cкарт.
_d18
225 1 _aИсторические рассказы для народных чтений и школ
532 1 1 _aЛюдовик Девятый, король подвижник
702 0 _aЛюдовик
_cфр. король
_dIX Святой
_f1214-1270
_4570
702 1 _aГерье
_bВ. И.
_f1837-1919
_gВладимир Иванович
_4340
_4080
801 0 _aRU
_bNLR
_gpsbo
801 0 _aRU
_bRuMoRGB
_2psbo
801 1 _aRU
_bProSoft-M
_2rusmarc
852 _aNLR
_j37.37.11.767
899 _aRuMoRGB
_jF 117/294
899 _aRuMoRGB
_jU 247/1180
899 _aБАН
942 _cBOOK
980 _aNB